Jornada de trabajo y descansos remunerados (Record no. 135894)

MARC details
000 -LEADER
fixed length control field 01162nam a22002897a 4500
005 - DATE AND TIME OF LATEST TRANSACTION
control field 20211119141018.0
008 - FIXED-LENGTH DATA ELEMENTS--GENERAL INFORMATION
fixed length control field 170808b1997 mx ||||| |||| 001 0 spa d
020 ## - INTERNATIONAL STANDARD BOOK NUMBER
International Standard Book Number 9684526911
050 04 - LIBRARY OF CONGRESS CALL NUMBER
Classification number KG455
Item number J67 1993
245 00 - TITLE STATEMENT
Title Jornada de trabajo y descansos remunerados
Remainder of title : (perspectiva iberoamericana)
Statement of responsibility, etc / Americo Pla Rodríguez, Néstor de Buen, Franco José del Giglio, Alfredo Montoya Melgar, Murgas, Alfonso Alburquerque, Mario Pasco Cosmópolis, Ackerman ; coordinador Nestor de Buen
250 ## - EDITION STATEMENT
Edition statement 1a ed.
260 ## - PUBLICATION, DISTRIBUTION, ETC. (IMPRINT)
Place of publication, distribution, etc México :
Name of publisher, distributor, etc Porrúa,
Date of publication, distribution, etc 1993
300 ## - PHYSICAL DESCRIPTION
Extent xi, 455 p. :
Dimensions 24 cm.
650 #7 - SUBJECT ADDED ENTRY--TOPICAL TERM
Source of heading or term lemb
Topical term or geographic name as entry element Jornada de trabajo
Geographic subdivision América Latina
650 #7 - SUBJECT ADDED ENTRY--TOPICAL TERM
Source of heading or term lemb
Topical term or geographic name as entry element Vaciones laborales
Geographic subdivision América Latina
650 #7 - SUBJECT ADDED ENTRY--TOPICAL TERM
Source of heading or term lemb
Topical term or geographic name as entry element Jornada de trabajo
Geographic subdivision España
650 #7 - SUBJECT ADDED ENTRY--TOPICAL TERM
Source of heading or term lemb
Topical term or geographic name as entry element Vacaciones laborales
Geographic subdivision España
700 1# - ADDED ENTRY--PERSONAL NAME
Personal name Pla Rodríguez, Americo
Relator term autor
700 1# - ADDED ENTRY--PERSONAL NAME
Personal name Giglio, Franco José del
Relator term autor
700 1# - ADDED ENTRY--PERSONAL NAME
Personal name Montoya Melgar, Alfredo
Relator term autor
700 1# - ADDED ENTRY--PERSONAL NAME
Personal name Murgas
Relator term autor
700 1# - ADDED ENTRY--PERSONAL NAME
Personal name Alburquerque, Alfonso
Relator term autor
700 1# - ADDED ENTRY--PERSONAL NAME
Personal name Pasco Cosmópolis, Mario
Relator term autor
700 1# - ADDED ENTRY--PERSONAL NAME
Personal name Ackerman
Relator term aut
700 1# - ADDED ENTRY--PERSONAL NAME
Personal name De Buen, Nestor
Relator term coordinador
942 ## - ADDED ENTRY ELEMENTS (KOHA)
Source of classification or shelving scheme Biblioteca del Cogreso de los Estados Unidos
Koha item type Libro
Holdings
Estado de pérdida Fuente de clasificación Estado del daño No para préstamo Ubicación permanente Ubicación actual Apartado o colección Fecha de adquisición Edición Dependencia de educación superior (DES) Área del conocimiento Clasificación Código de Barras Date last seen Número de copia Costo por reposición Tipo de recurso
  Biblioteca del Cogreso de los Estados Unidos     Biblioteca de la Facultad de Derecho y Ciencias Sociales "Felipe J. Tena" Biblioteca de la Facultad de Derecho y Ciencias Sociales "Felipe J. Tena" General 08/08/2017 1a ed. Derecho Ciencias Sociales y Administrativas KG455 J67 1993 BFD000009415 08/08/2017 1 1.00 Libro
  Biblioteca del Cogreso de los Estados Unidos     Biblioteca de la Facultad de Derecho y Ciencias Sociales "Felipe J. Tena" Biblioteca de la Facultad de Derecho y Ciencias Sociales "Felipe J. Tena" General 08/08/2017 1a ed. Derecho Ciencias Sociales y Administrativas KG455 J67 1993 BFD000009416 08/08/2017 2 1.00 Libro
  Biblioteca del Cogreso de los Estados Unidos     Biblioteca de la Facultad de Derecho y Ciencias Sociales "Felipe J. Tena" Biblioteca de la Facultad de Derecho y Ciencias Sociales "Felipe J. Tena" General 31/08/2017 1a ed. Derecho Ciencias Sociales y Administrativas KG455 J67 1993 BFD000009556 31/08/2017 3 1.00 Libro